| 000 | 03153nam a22005177a 4500 | ||
|---|---|---|---|
| 999 |
_c7893 _d7893 |
||
| 001 | 21384 | ||
| 003 | BD-DhUAP | ||
| 005 | 20211226120354.0 | ||
| 008 | 190723t20172017gw ace b 000 0deng d | ||
| 020 |
_a9783836561600 _q(hardback) |
||
| 040 |
_aBD-DhUAP _beng _cBD-DhUAP _eBD-DhUAP _dBD-DhUAP |
||
| 082 | 0 | 0 |
_a720.92 CHA _223 |
| 100 | 1 |
_aFiell, Charlotte, _d1965- _eauthor. |
|
| 245 | 1 | 0 |
_aCharles Rennie Mackintosh : _b1868-1928 : Glasgow style / _cCharlotte & Peter Fiell. |
| 246 | 1 | 4 | _aMackintosh |
| 264 | 1 |
_aKöln : _bTaschen, _c[2017] |
|
| 264 | 4 | _c©2017 | |
| 300 |
_a95 pages : _billustrations (chiefly color), plans, portraits ; _c27 cm. |
||
| 490 | 1 | _aBasic art series 2.0 | |
| 504 | _aIncludes bibliographical references. | ||
| 520 | _aScottish architect, designer, and painter Charles Rennie Mackintosh (1868 1928) was one of the earliest pioneers of modern architecture and design. While he never received major recognition in his hometown of Glasgow, his bold new blend of simplicity and poetic details inspired modernists across Europe. Mackintosh's avant-garde approach embraced a variety of media as well as fresh stylistic devices. His multi-faceted oeuvre incorporated architecture, furniture, graphic design, landscapes, and flower studies. He embraced strong lines, elegant proportions, and natural motifs, combining a healthy dose of japonisme with a modernist sensibility for function. He preferred bold black typography, restrained shapes, and tall, generous windows suffusing rooms with light. Mackintosh's projects in Glasgow include the famous Willow Tearooms, the private residences Windyhill and The Hill House, and the Mackintosh Building at the Glasgow School of Art, widely considered his masterwork. Much of his work was collaborative practice with his wife, fellow artist Margaret Macdonald. | ||
| 600 | 1 | 0 |
_aMackintosh, Charles Rennie, _d1868-1928 _xCriticism and interpretation. |
| 600 | 1 | 7 |
_aMackintosh, Charles Rennie, _d1868-1928. _2fast _0(OCoLC)fst00042967 |
| 648 | 7 |
_a1900-1999 _2fast |
|
| 650 | 0 |
_aArchitects _zScotland. |
|
| 650 | 0 |
_aArtists _zScotland. |
|
| 650 | 0 |
_aArt nouveau (Architecture) _zScotland _zGlasgow. |
|
| 650 | 0 |
_aArchitecture _zScotland _zGlasgow. |
|
| 650 | 0 |
_aDesign _zScotland _xHistory _y20th century. |
|
| 650 | 7 |
_aArchitects. _2fast _0(OCoLC)fst00813114 |
|
| 650 | 7 |
_aArchitecture. _2fast _0(OCoLC)fst00813346 |
|
| 650 | 7 |
_aArt nouveau (Architecture) _2fast _0(OCoLC)fst00815671 |
|
| 650 | 7 |
_aArtists. _2fast _0(OCoLC)fst00817559 |
|
| 650 | 7 |
_aBuildings. _2fast _0(OCoLC)fst00840962 |
|
| 650 | 7 |
_aDesign. _2fast _0(OCoLC)fst00891253 |
|
| 651 | 0 |
_aGlasgow (Scotland) _xBuildings, structures, etc. |
|
| 651 | 7 |
_aScotland. _2fast _0(OCoLC)fst01206715 |
|
| 651 | 7 |
_aScotland _zGlasgow. _2fast _0(OCoLC)fst01212902 |
|
| 655 | 7 |
_aCriticism, interpretation, etc. _2fast _0(OCoLC)fst01411635 |
|
| 655 | 7 |
_aHistory. _2fast _0(OCoLC)fst01411628 |
|
| 700 | 1 |
_aFiell, Peter, _eauthor. |
|
| 700 | 1 | 2 |
_aMackintosh, Charles Rennie, _d1868-1928. _tWorks. _kSelections. |
| 830 | 0 | _aBasic art series 2.0. | |
| 942 |
_2ddc _cBK |
||